000 00659nam a2200193 4500
001 137816
003 ES-MaACL
005 20260228125604.0
007 t|
008 070214s1962 sp r ||||1| spa d
100 1 _aSalmang, Hermann.
_9101987
245 1 0 _aFundamentos físico-químicos de la fabricación del vidrio /
_cHermann Salmang ; versión española de V. Aleixandre Ferrandis y M. C. Sánchez Conde.
260 _aMadrid :
_bAguilar,
_c1962.
300 _aXVI, 442 p. :
_bil. ;
_c22 cm.
700 1 _aAleixandre, Vicente
_919693
700 1 _aSánchez Conde, M. C.
_9102552
852 _aES-MaACL
_jC-21975
_bR.50460
999 _c137816
_d137816